Inventi Impact International Trade (Record no. 9887)

MARC details
000 -LEADER
fixed length control field 00393nam a22001217a 4500
003 - CONTROL NUMBER IDENTIFIER
control field OSt
008 - FIXED-LENGTH DATA ELEMENTS--GENERAL INFORMATION
fixed length control field 201203b ||||| |||| 00| 0 eng d
245 ## - TITLE STATEMENT
Title Inventi Impact International Trade
250 ## - EDITION STATEMENT
Edition statement 2016(Jan-Mar Vol.2016 No.1, Apr-Jun Vol.2016 No.2, Jul-Sep Vol.2016 No.3, Oct-Dec Vol.2016 No.4)
260 ## - PUBLICATION, DISTRIBUTION, ETC. (IMPRINT)
Name of publisher, distributor, etc Inventi Journal [P] Ltd.
Place of publication, distribution, etc Bhopal, M.P.
650 ## - SUBJECT ADDED ENTRY--TOPICAL TERM
Topical term or geographic name as entry element Management
942 ## - ADDED ENTRY ELEMENTS (KOHA)
Source of classification or shelving scheme Dewey Decimal Classification
Koha item type BOUND VOLUME
Holdings
Withdrawn status Lost status Source of classification or shelving scheme Materials specified (bound volume or other part) Damaged status Not for loan Collection code Home library Current library Date acquired Source of acquisition Serial Enumeration / chronologySerial Enumeration / Volume No. Total Checkouts Acc. no. / Barcode Date last seen Bill Date Koha item type
    Dewey Decimal Classification Bound Volume   Not For Loan MBA PIET C-LIBRARY PIET C-LIBRARY 15/12/2020 Inventi Journals [p] Ltd. 2016(Jan-Mar Vol.2016 No.1, Apr-Jun Vol.2016 No.2, Jul-Sep Vol.2016 No.3, Oct-Dec Vol.2016 No.4)   BV622 15/12/2020 09/01/2016 BOUND VOLUME

Design & Developed by: PIET Central Library
R70 Miles Stone Pattikalyana Samalkha Panipat 132102
mail ID :- [email protected], Phone No:- 0180-2569700 Ex.216